header

Faith, reason, and the natural sciences (Record no. 57723)

MARC details
000 -LEADER
fixed length control field 01305nam a2200313Ia 4500
082 04 - DEWEY DECIMAL CLASSIFICATION NUMBER
Classification number 261.5/5
100 1# - MAIN ENTRY--AUTHOR NAME
Personal name Tanzella-Nitti, G.
245 10 - TITLE STATEMENT
Title Faith, reason, and the natural sciences
260 ## - PUBLICATION, DISTRIBUTION, ETC. (IMPRINT)
Place of publication Aurora, Colo. :
Name of publisher Davies Group, Publishers,
Year of publication 2009.
300 ## - PHYSICAL DESCRIPTION
Number of Pages xvi, 271 p.
650 #0 - SUBJECT ADDED ENTRY--TOPICAL TERM
Topical Term Natural history
Topical Term Faith and reason
Topical Term Religion and science.
856 40 - ELECTRONIC LOCATION AND ACCESS
Uniform Resource Identifier http://site.ebrary.com/lib/rucke/Doc?id=10313935

No items available.

© 2026 Rongo University
Contact us: librarian | system librarian | Rongo university